New Zealand All Blacks Rugby - Most Test Starts - Statistics

General Stats
  • This quiz has been taken 292 times
    101 since last reset
  • The average score is 13 of 15
Answer Stats
Hint Answer % Correct
141 Richie McCaw
100%
90 Conrad Smith
99%
100 Aaron Smith
97%
106 Dan Carter
97%
119 Kieran Read
96%
115 Sam Whitelock
95%
87 Ma'a Nonu
93%
77 Keven Mealamu
85%
98 Owen Franks
83%
105 Tony Woodcock
83%
91 Sean Fitzpatrick
76%
76 Jerome Kaino
73%
95 Mils Muliaina
73%
80 Brodie Retallick
72%
75 Ian Jones
52%
No matching quizzes found
Score Distribution
Percent of People with Each Score
Percentile by Number Answered
Your Score History
You have not taken this quiz since the last reset